000 01015nam a2200205Ii 4500
003 JO-AjNU
008 230605s9999||||xx |||||||||||||| ||und||
040 _aJO-AjNU
_bara
_erda
_cJO-AjNU
041 _aara
050 1 4 _aDS35.62.M39 1986
100 3 _aالمجمع الملكي لبحوث الحضارة الاسلامية (ماب),
_eauthor
_945264
245 0 0 _aمشروع موسوعة الحضارة الاسلامية / المجمع الملكي لبحوث الحضارة الاسلامية (ماب) : فهرس عناوين الموضوعات نماذج من حروف : الباء، والجيم، والحاء، والدال
250 _aطبعة تجريبية
264 3 1 _aعمان: المجمع الملكي لبحوث الحضارة الاسلامية (ماب)، 1986
300 _a641ص
336 _atext
_btxt
_2rdacontent
337 _aunmediated
_bn
_2rdamedia
338 _avolume
_bnc
_2rdacarrier
650 4 _aحضارة اسلامية، الاسلام- تاريخ -موسوعات
_945265
999 _aA19607
_c23175
_d23175